000 00466nam a2200181Ia 4500
001 65850
008 230206n ii |||gr||||Z||||||asm
020 _a8176652571
082 _a891.41
100 _aBorgohain, Homen.
245 0 _aKathar Murar Katha
_cBy Homen Borgohain
_hTextual Documents
250 _a4th rev edn.
260 _aGuwahati
_bStudent`s Stores
300 _a159pg:
_c23cm.
653 _aAssamese
653 _aG-H B Collection
942 _2ddc
_cBK
999 _c66943
_d66943